| 000 | 00435nam a22001697a 4500 | ||
|---|---|---|---|
| 003 | macl | ||
| 005 | 20150618123206.0 | ||
| 008 | 150618b xxu||||| |||| 00| 0 eng d | ||
| 040 | _cmacl | ||
| 041 | _aEnglish | ||
| 082 | _a001 | ||
| 100 |
_aJigeesha _9271 |
||
| 245 | _aGeneral Studies for Civil Services (Preliminary ) Exam. Volume-II | ||
| 260 |
_aHaryana _bLexisNexis _c2014 |
||
| 650 |
_aGeneral Knowlage _9272 |
||
| 942 |
_2ddc _cBK |
||
| 999 |
_c49879 _d49879 |
||